Environment Charge and Covid
Trendy globálneho vývoja a globálne zmeny v kontexte selektívnych spotrebných daní, ktoré sú súčasťou slovenského daňového systému. Environmentálny poplatok, ukazovatele trvalo udržateľného rozvoja, environmentálne ukazovatele, ukazovatele efektívnosti zdrojov a vykonávanie environmentálnych opatren...
Salvato in:
| Autore principale: | |
|---|---|
| Altri autori: | |
| Natura: | Capitolo di libro |
| Lingua: | inglese |
| Soggetti: | |
| Tags: |
Nessun Tag, puoi essere il primo ad aggiungerne!!
|
MARC
| LEADER | 00000naa$a2200000$$$4500 | ||
|---|---|---|---|
| 001 | 0277469 | ||
| 005 | 20240502083840.8 | ||
| 041 | 0 | |a eng | |
| 044 | |a FR | ||
| 245 | 1 | 0 | |a Environment Charge and Covid |
| 520 | |a Trendy globálneho vývoja a globálne zmeny v kontexte selektívnych spotrebných daní, ktoré sú súčasťou slovenského daňového systému. Environmentálny poplatok, ukazovatele trvalo udržateľného rozvoja, environmentálne ukazovatele, ukazovatele efektívnosti zdrojov a vykonávanie environmentálnych opatrení. Hlavný predmet analýzy je spoločnosť Mondi SCP, a. s.. | ||
| 610 | 2 | 0 | |a koronavírus |
| 610 | 2 | 0 | |a rozvoj trvalo udržateľný |
| 610 | 2 | 0 | |a environmentalistika |
| 610 | 2 | 0 | |a poplatky |
| 610 | 2 | 0 | |a dane spotrebné |
| 610 | 2 | 0 | |a systémy daňové |
| 100 | 1 | |a Vavrová, Katarína, 1960- | |
| 700 | 1 | |a Bikár, Miloš, 1973- | |